| 000 | 00683nam a2200193 4500 | ||
|---|---|---|---|
| 008 | 100423s ph 000 0 eng | ||
| 090 |
_aHQ10 _bL61p |
||
| 100 | 1 | _aLi, Clarence N. | |
| 245 | 1 | 0 |
_aPremarital counseling manual / _cby Clarence N. Li |
| 260 |
_aValenzuela City : _bBSOP, _c2002 |
||
| 300 |
_a20 p. : _b28 cm. |
||
| 500 | _aPaper (M.Div. Pastoral Counseling) -- Biblical Seminary of the Philippines, January, 2002. | ||
| 504 | _aIncludes bibliographical references. | ||
| 650 | 4 | _aMarriage counseling | |
| 650 | 4 | _aPastoral counseling | |
| 650 | 4 | _aPremarital counseling | |
| 951 |
_p33683 _x00038831 _oThesisHQ10/L61p _j100423161953828 _d2000-12-21 |
||
| 999 |
_c34183 _d34183 |
||